000 00626nam a2200241Ia 4500
003 OSt
005 20221007074924.0
006 a|||||r|||| 00| 0
007 ta
008 221006b |||||||| |||| 00| 0 eng d
020 _cRs. 35/-
024 _a23,878
037 _cTextual
040 _aFLL
_cFLL
_beng
041 _2eng
_aeng
082 _aZ2b4, M4
100 _aMenon N.R. Madhava
_9311801
245 0 _aLegal profession
260 _aNew Delhi
_bBar Council of India Trust India
_c1984
300 _a1-262p
_ccm.
942 _hZ2b4, M4
_cTEXL
_2CC
999 _c1154161
_d1154161